000 00590nam a2200133Ia 4500
008 171212s9999 xx 000 0 und d
020 _a9781921666384
245 _ceditor Rappert, Brian
_aEducation and Ethics in the Life Sciences
_bStrengthening the Prohibition of Biological Weapons
260 _bANU E Press
_c2010
440 _aCentre for Applied Philosophy and Public Ethics (CAPPE)
650 _aBiological arms control -- Verification; Biosecurity; Bioethics; Communicable diseases -- Prevention
650 _aBiological Sciences
856 _uwww.jstor.org/stable/10.2307/j.ctt24hc5p
999 _c351092
_d351092